000 00259nam a2200109Ia 4500
008 190216s9999||||xx |||||||||||||| ||und||
100 _aBill Wencel
245 0 _aDo I Have A Girl For You
260 _bJaico Publishing House
650 _aEnglish
942 _cBK
999 _c13295
_d13295